书目信息 |
| 题名: |
家装集市地面·吊顶1000例
|
|
| 作者: | 安雅宁 主编 | |
| 分册: | ||
| 出版信息: | 北京 中国轻工业出版社 2011.06 |
|
| 页数: | 156页 | |
| 开本: | 29cm | |
| 丛书名: | ||
| 单 册: | ||
| 中图分类: | TU767-64 | |
| 科图分类: | ||
| 主题词: | 住宅--zhu zhai--地面工程--室内装修--图集 , 住宅--zhu zhai--屋顶--室内装修--图集 | |
| 电子资源: | ||
| ISBN: | 978-7-5019-8110-6 | |
| 000 | 00894nam0 2200229 450 | |
| 001 | 1177600971 | |
| 005 | 20111110140938.03 | |
| 010 | @a978-7-5019-8110-6@dCNY35.00@z7-5019-8110-8 | |
| 100 | @a20110513d2011 em y0chiy50 ea | |
| 101 | 0 | @achi |
| 102 | @aCN@b110000 | |
| 105 | @aa z 000yy | |
| 200 | 1 | @a家装集市地面·吊顶1000例@Ajia zhuang ji shi di mian · diao ding 1000 li@f安雅宁主编@Fan ya ning zhu bian |
| 210 | @a北京@c中国轻工业出版社@d2011.06 | |
| 215 | @a156页@c彩图@d29cm | |
| 330 | @a本书以业主最关心的吊顶和地面设计出发, 涵盖了1000个精彩的图例, 每个案例都有全面的图文信息, 各种设计风格让读者一目了然, 在最短的时间内轻松掌握每个案例的选材、设计方法。 | |
| 606 | 0 | @a住宅@Azhu zhai@x地面工程@x室内装修@j图集 |
| 606 | 0 | @a住宅@Azhu zhai@x屋顶@x室内装修@j图集 |
| 690 | @aTU767-64@v4 | |
| 701 | 0 | @a安雅宁@Aan ya ning@4主编 |
| 801 | 0 | @aCN@c20110513 |
| 905 | @dTU767-64@eA702 | |
| 家装集市地面·吊顶1000例/安雅宁主编.-北京:中国轻工业出版社,2011.06 |
| 156页:彩图;29cm |
| ISBN 978-7-5019-8110-6:CNY35.00 |
| 本书以业主最关心的吊顶和地面设计出发, 涵盖了1000个精彩的图例, 每个案例都有全面的图文信息, 各种设计风格让读者一目了然, 在最短的时间内轻松掌握每个案例的选材、设计方法。 |
| ● |
| 相关链接 |
|
|
|
正题名:家装集市地面·吊顶1000例
索取号:TU767-64/A702
 
预约/预借
| 序号 | 登录号 | 条形码 | 馆藏地/架位号 | 状态 | 备注 |
| 1 | 1220222 | 212202221 | 建筑库201/201建筑库 77排2列1层/ [索取号:TU767-64/A702] | 在馆 | |
| 2 | 1220223 | 212202230 | 建筑库201/201建筑库 77排2列1层/ [索取号:TU767-64/A702] | 在馆 | |
| 3 | 1220224 | 212202249 | 建筑库201/201建筑库 77排2列1层/ [索取号:TU767-64/A702] | 在馆 |